La tentación populista: una vía al poder en América Latina

Gorde:
Xehetasun bibliografikoak
Egile nagusia: Freidenberg, Flavia (Egilea)
Formatua: Liburua
Hizkuntza:gaztelania
Argitaratua: Madrid Síntesis 2007
Saila:Colección Síntesis-Política, 2
Gaiak:
Etiketak: Etiketa erantsi
Etiketarik gabe, Izan zaitez lehena erregistro honi etiketa jartzen!

MARC

LEADER 00000nam a2200000 a 4500
001 UCG4003
003 CL-VaPUC
008 101004e20070000SP |||||||||||||||||spa|d
020 |a 9788497564823 
082 0 4 |a 320.98  |b FRE  |2 21 
100 0 |a Freidenberg, Flavia  |e author  |9 553293 
245 1 3 |a La tentación populista: una vía al poder en América Latina 
300 |a 287 p 
942 |c BK 
945 |d 20101004 00:00:00  |a mfarfan 
260 |a Madrid  |b Síntesis  |c 2007 
650 7 |a POLITICA LATINOAMERICANA  |2 CL-VaPUC  |9 534099 
650 0 |a Populismo  |9 403172 
650 0 |a Poder político  |9 255509 
583 |a last modification  |c 20101004 00:00:00  |k Rodrigo Vera 
490 0 |a Colección Síntesis-Política, 2 
999 |c 342912  |d 342910 
952 |0 0  |1 0  |4 0  |6 320_980000000000000_FRE_2007  |7 0  |8 A  |9 439609  |a BIBHIS  |b BIBHIS  |d 2019-11-22  |i 4722418  |l 3  |o 320.98 FRE 2007  |p 4722418  |r 2025-01-20  |s 2024-04-25  |w 2019-11-22  |y BK  |k HIS